000 00314nam a2200133Ia 4500
005 20251222144651.0
008 251222s9999||||xx |||||||||||||| ||spa||
082 _a869.56/Y52
100 _aYerovi, Nicolás
245 0 _aLos Años Inmóviles:
250 _a2da.ed.
264 _bJaime Campodónico
942 _cLIB
999 _c17058
_d17058